000 00433nam a2200157Ia 4500
008 230718s9999 xx 000 0 und d
041 _aeng
082 _a005.11
_bMIL
100 _aMiller R.
245 _aC++ For Artists
_bThe Art Of Philosophy And Science Of Object Oriented Programming + Cd
260 _c2008
_bSPD
300 _a588
365 _cRs.
_b400.00
700 _aMiller R.
906 _dB:616803-Oct-2008
_cCOMP
_b80
999 _c319914
_d319914